00940nam a2200217Ia 4500008004100000020002200041050002300063100003100086245010900117260002900226300001800255440002100273500009800294650002200392650002600414700002500440942001200465952011200477952011600589999001700705120626s9999 xx 000 0 und d a978-84-670-2272-804aRC552 B84 M37 20061 aMARTINEZ-FORNES, Santiago.10aLa obsesion para adelgazar: anorexia y bulimiacautor, Santiago Martinez-Fernes; prologo, Enrique Rojas. aEspaña bEspasa Calpe. a238 páginas aEspasa practico. aContiene: Índice de contenido Prólogo Advertencia al lector Glosario Índice analitico.17aANOREXIA\ BULIMIA17aDIETAS PARA ADELGAZAR1 aROJAS, Enrique,prol. 2ddccLB 00104070a07b07d2012-04-13l3oRC552 B84 M37 2006p07 003285r2018-05-11s2018-05-09t1w2012-06-26yLB 00104070a07b07d2012-04-13l13m2oRC552 B84 M37 2006p07 003286r2018-04-18s2018-04-16t2w2012-06-26yLB c68006d68006